Comparative urban administration (Record no. 79586)

MARC details
000 -LEADER
fixed length control field 01084nam a2200181 a 4500
008 - FIXED-LENGTH DATA ELEMENTS--GENERAL INFORMATION
fixed length control field 100628s2001 ||||||||||||||||| || u
050 ## - LIBRARY OF CONGRESS CALL NUMBER
Classification number UN-ECA(02)2001/8
110 ## - MAIN ENTRY--CORPORATE NAME
Corporate name or jurisdiction name as entry element United Nations Economic Commission For Africa(UNECA)
245 10 - TITLE STATEMENT
Title Comparative urban administration
260 ## - PUBLICATION, DISTRIBUTION, ETC.
Place of publication, distribution, etc. Addis Ababa
Name of publisher, distributor, etc. UNITED NATIONS ECONOMIC COMMISSION FOR AFRICA(UNECA)
Date of publication, distribution, etc. 2001
300 ## - PHYSICAL DESCRIPTION
Extent 52p.
350 ## -
-- 0.00
650 ## - SUBJECT ADDED ENTRY--TOPICAL TERM
Topical term or geographic name entry element URBANIZATION--AFRICA
995 ## -
-- SPECIAL COLLECTIONS
-- 0.00
-- 03006737
-- CBU-MAIN LIBRARY (Kitwe)
-- 1
-- 0.00
-- UN-ECA(02)2001/ 8A
-- 1
-- AVAILABLE
-- Jul 1, 2010
-- 03006737
-- International Publications
995 ## -
-- SPECIAL COLLECTIONS
-- 0.00
-- 03006738
-- CBU-MAIN LIBRARY (Kitwe)
-- 1
-- 0.00
-- UN-ECA(02)2001/ 8B
-- 2
-- AVAILABLE
-- Jul 1, 2010
-- 03006738
-- International Publications
995 ## -
-- SPECIAL COLLECTIONS
-- 1480
-- CBU-MAIN LIBRARY (Kitwe)
-- 0.00
-- UN-ECA(02)2001/ 8C
-- 3
-- AVAILABLE
-- Jul 21, 2014
-- B1023
-- International Publications
995 ## -
-- SPECIAL COLLECTIONS
-- 52112
-- CBU-MAIN LIBRARY (Kitwe)
-- 0.00
-- UN-ECA(02)2001/ 8D
-- 4
-- AVAILABLE
-- Aug 1, 2014
-- 52112
-- International Publications
999 ## -
-- 79586
-- 79586
Holdings
Withdrawn status Lost status Source of classification or shelving scheme Damaged status Not for loan Permanent Location Current Location Shelving location Date acquired Total Checkouts Full call number Barcode Date last seen Copy number Price effective from Koha item type
          CBU-MAIN LIBRARY, KITWE. CBU-MAIN LIBRARY, KITWE.   06/29/2023   UN-ECA(02)2001/8A 03006737 06/29/2023 1 06/29/2023 SPECIAL COLLECTION
          CBU-MAIN LIBRARY, KITWE. CBU-MAIN LIBRARY, KITWE.   06/29/2023   UN-ECA(02)2001/8B 03006738 06/29/2023 2 06/29/2023 SPECIAL COLLECTION
          CBU-MAIN LIBRARY, KITWE. CBU-MAIN LIBRARY, KITWE.   06/29/2023   UN-ECA(02)2001/8C B1023 06/29/2023 3 06/29/2023 SPECIAL COLLECTION
          CBU-MAIN LIBRARY, KITWE. CBU-MAIN LIBRARY, KITWE.   06/29/2023   UN-ECA(02)2001/8C 52112 06/29/2023 4 06/29/2023 SPECIAL COLLECTION